| 000 | 00561nam a2200169 i 4500 | ||
|---|---|---|---|
| 001 | 72569 | ||
| 003 | ES-MaACL | ||
| 007 | t| | ||
| 008 | 040901s1958 sp ||||1| spa d | ||
| 100 | 1 |
_aGlasstone, Samuel. _957413 |
|
| 245 | 1 | 0 |
_aIngenierĂa de reactores nucleares / _cpor Samuel Glasstone y Alexander Sesonske ; [traducido por M. Carreira]. |
| 260 |
_aBarcelona : _bReverte, _c1958 ( _fHostench) |
||
| 300 |
_aXX, 908 p. : _bil. ; _c22 cm. |
||
| 700 | 1 |
_aSesonske, Alexander. _9105887 |
|
| 700 | 1 |
_aCarreira, M. _935607 |
|
| 852 |
_aES-MaACL _jG-5583 _bR.65071 |
||
| 999 |
_c72569 _d72569 |
||